000 01134nam a22003497a 4500
003 CHAP
005 20220817044442.0
008 110527s1993 mx r 00010 spa d
010 _a101333
011 _a102305
020 _a96816.43194
035 _a112993
040 _cCHAP
082 0 4 _a347
_bG58
100 1 _aGonzález de la Vega, René.
_948838
245 1 3 _aLa justicia :
_blogros y retos
_c/por René González de la Vega
260 _aMéxico, D.F. :
_bFCE,
_c1993
300 _a134 p.
490 _aUna visión de la modernización de México
590 _aBATCH-UPD
_b10
_c20130110
_lUCH01
_h1334
590 _aBATCH-UPD
_b10
_c20130410
_lUCH01
_h0838
590 _aBATCH-UPD
_b10
_c20130914
_lUCH01
_h1143
590 _aCONVERSION
_b10
_c20130109
_lUCH01
_h1356
650 1 4 _aDerecho civil.
_931881
650 1 4 _aDerecho penal.
_931901
650 1 4 _aJusticia
_xAdministración
_zMéxico.
_962546
650 1 4 _aReformas constitucionales.
830 0 _aUna visión de la modernización de México
_9116089
901 _aBK
942 _cLIBRO
949 _a347 G58
_bBC
_cLIBRO
_d33724002253124
_eLIBRO
_h115068
_i112993
_sb
999 _c101333
_d101333